00328 2200145 4500245004000000250001100040100002400051650001600075650001700091005001900108260001800127041001400145084001400159336000900173 aAbout MecNayla Farsya QarirahText aCet. 1 aNayla Farsya Qarira aKarya Siswa aAutobiografi a20250522111639 aJakartac2025 aIndonesia a081 NAY a atext